| 000 | 00569nam a2200157 a 4500 | ||
|---|---|---|---|
| 008 | 120416s1991 ||||||||||||||||| || u | ||
| 050 | _aHF 5415 Tuc | ||
| 100 | _aTuckwell, Keith John, 1950- | ||
| 245 | 1 | 0 | _aCanadian marketing in action |
| 260 |
_aOntario _bFT Prentice-Hall _c1991 |
||
| 300 | _axxv, 647p. : ill | ||
| 350 | _a0.00 | ||
| 650 | 0 | _aMARKETING--MANAGEMENT--CASE STUDIES | |
| 650 | _aMARKETING -- CANADA | ||
| 995 |
_D0.00 _FCBU-MAIN LIBRARY (Kitwe) _H1 _I40.50 _M1 _UDAMAGED _ZMain Library Open Access Collection |
||
| 999 |
_c36677 _d36677 |
||